00780nam a2200217 a 4500008004100000020003100041040002500072041001300097044001100110080001600121080001300137100002400150245007300174250001300247260004800260300003400308490002800342500014100370700002700511700002400538951121s1989||||[C 0 slo c c19 Kčs. q(3000 výtl.) aSNKbslocSNKeAACR21 aslohslo axocSK a943.7"1939" a885.4-941 aLeikert, Jozef4aut10aRáno prišla noccJozef Leikert ; Jozef Pernecký, Jozef Leikert a1., vyd. aBratislavabSmenac1989eBratislavafPravda a232 s., 18,69 AHbFot.c24 cm0 aZväzácka knižnica aFot. na front. a predsádkach. Lit. 10. Res. rus., angl., nem., franc. a špan. Spoluvyd. Mladá fronta, Praha. 10 zázn. v češ.1 aPernecký, Jozef4bkd1 aLeikert, Jozef4bkd